Quizzes
Events
Quiz Creation
Community
Videos
Private Events
Remove Ads
Sign In
Join for FREE
Feedback
Dark Mode
Quiz Categories
Sports
Geography
Music
Movies
Television
Just For Fun
Miscellaneous
History
Literature
Language
Science
Gaming
Entertainment
Religion
Holiday
For Kids
Quiz Lab
Recent
Popular Today
Quiz Kudos Today
Editor Picks
Curator Picks
Quizzes by...
Day
Popularity
Type
Ratings
Length
Year
Community
Subscriptions
Recent Discussions
Orange Saloon
Badges
Playlists
Quests
Create
Leaderboards
Showdown
Live 5
Trivia Bingo
Activity
Puzzle Library
Sporcle Events
Private Events
Virtual Trivia
Globe League
Become a Host
Pub Owners
SporcleCon
Opinionation
Our Games
Videos
Blog
Mobile Apps
Partnerships
Remove Ads and Go Orange
Feedback
Sports
Athletes
MLB
NBA
NHL
NFL
Soccer
Sports Teams
WWE
NCAA
Football
Premier League
Basketball
Baseball
Hockey
Golf
Tennis
Cricket
Rugby
Auto Racing
Olympics
World Cup
Sports
Athletes
MLB
NBA
NHL
NFL
Soccer
Sports Teams
WWE
NCAA
Football
Premier League
Basketball
Baseball
Hockey
Golf
Tennis
Cricket
Rugby
Auto Racing
Olympics
World Cup
Random Quiz
Search Sporcle
×
Quiz Lab
Quiz Lab
Sports
NCAA
Type in answers that appear in a list
Type in answers that appear in a list
Classic
Best Score? Go Orange.
2010 NCAA Tournament Stats
Can you name the NCAA Tournament 2010?
By
hello0olleh
10m
65 Questions
228 Plays
228 Plays
228 Plays
Comments
Comments
Give Quiz Kudos
Give Quiz Kudos
-
- Ratings
hide this ad
Replay
Link that replays current quiz
Next Quiz
Link to next quiz in quiz playlist
You Got
0%
They Got
Avg Score
70%
Avg Friend Score
Upgrade to see
Score Distribution
Jump to the score distribution portion of the page
Score
0/65
Timer
10:00
0
Plays Today
Seed
Team
% Correct
1st
Duke
99.6%
1st
Kansas
98.7%
1st
Kentucky
98.2%
1st
Syracuse
96.5%
14th
Ohio
94.7%
2nd
Ohio St.
94.3%
8th
Texas
93.4%
2nd
West Virginia
92.1%
2nd
Kansas St.
91.2%
2nd
Villanova
90.8%
5th
Michigan State
89.9%
10th
Florida
89.5%
3rd
Georgetown
86%
3rd
Pittsburgh
84.6%
4th
Wisconsin
84.6%
8th
California
84.6%
11th
Washington
84.6%
6th
Tennessee
82.5%
3rd
Baylor
81.6%
4th
Maryland
81.1%
4th
Purdue
81.1%
7th
Oklahoma St.
80.3%
9th
Wake Forest
79.4%
9th
Louisville
78.9%
5th
Texas A&M
78.5%
3rd
New Mexico
78.1%
10th
Georgia Tech
76.8%
6th
Notre Dame
75.9%
11th
Minnesota
75.9%
8th
Gonzaga
75.4%
5th
Temple
75%
5th
Butler
75%
4th
Vanderbilt
74.1%
Seed
Team
% Correct
6th
Marquette
73.7%
12th
Cornell
73.7%
9th
Florida St.
72.4%
8th
UNLV
71.5%
6th
Xavier
71.1%
9th
Northern Iowa
70.2%
7th
Clemson
67.5%
7th
BYU
67.1%
10th
Missouri
66.2%
12th
UTEP
63.6%
12th
Utah St.
63.2%
10th
St. Mary's
62.3%
12th
New Mexico St.
62.3%
16th
Vermont
61%
7th
Richmond
60.5%
13th
Siena
58.8%
11th
San Diego St.
58.3%
13th
Houston
55.3%
13th
Murray St.
53.9%
16th
Lehigh
53.9%
11th
Old Dominion
51.3%
16th
Winthrop
50%
13th
Wofford
48.2%
14th
Montana
48.2%
16th
Arkansas Pine-Bluff
47.8%
15th
Robert Morris
43.9%
16th
East Tennessee St.
43.4%
15th
Morgan St.
40.4%
14th
Oakland
37.7%
15th
UC Santa Barbara
33.3%
14th
Sam Houston St.
31.1%
15th
Northern Texas
20.6%
Quiz Playlist
Details
Report
Send in Message
Add To Playlist
Classic:
Type in answers that appear in a list
Last Updated: Feb 16, 2017
Quiz Scoreboard
CHALLENGE
Sign Up to Join the Scoreboard
Show All
Scores
Hide
Comments
May contain spoilers
Recently Published
Billboard Blitz: Fleetwood Mac
by CooCooCachoo
Music
15s
Presidents Visiting Landmarks
by Hejman
History
7m
An Introduction to Baseball
by treessimontrees
Sports
5m
More to Explore
Quiz From the Vault
Featured Blog Post
Where Did the Easter Bunny Come From?
hide this ad
You Might Also Like...
Tags
NCAA Quiz
2010
NCAA Tournament
Seed
team
Tournament
Today's Top Quizzes in Sports
Browse Sports
hide this ad
Today's Top Quizzes in NCAA
Browse NCAA
Top Contributed Quizzes in Sports
1
Les meilleurs buteurs des matchs entre le PSG et l’OM
2
2022 World Cup Stars
3
FIFA Club World Cup Champions
4
Les entraîneurs de l'OM et du PSG au 21e siècle
5
Criteria MLB: Left Handed Sluggers
6
Name the Premier League winners with different clubs
7
5-to-1: UK Sports Teams
8
AFC Teams Reveal (Wrong Answers Minefield)
9
Players with Multiple 50 Home Run Seasons
10
5-to-1: FBS Animal Nicknames
Explore More
Trending Topics
Disney
Kpop
Anime
NBA
Crossword
Harry Potter
Marvel
WWE
The Office
Soccer
NFL
Pokémon
Country
Puzzle
Song
hide this ad
More By:
hello0olleh
Quiz
Plays
Rating
Category
Featured
Created
Youngest Countries of the World
2,328
4.56
Geography
Nov 17, 2009
* NFL Team Skill Positions
674
4.38
Sports
Nov 3, 2009
2010 Olympic Medals per Capita
485
3.53
Geography
Mar 1, 2010
Largest Fortune 500 Companies A-Z
275
4.00
Miscellaneous
Jan 26, 2010
2010 NCAA Tournament
228
2.25
Sports
Mar 14, 2010
Go to Creator's Profile
Score Distribution
Quiz Creator Spotlight
hello0olleh
Follow
Send a Message
Quizzes Created
-
Created Quiz Play Count
-
More By This Creator
Popular Quizzes Today
1
Find the US States - No Outlines Minefield
2
Find the Countries of Europe - No Outlines Minefield
3
The Countries of the World
4
Find the US States
5
US States
6
Risky Map Clicking: Biggest States A-Z
7
Popular People in 1961
8
Movies - When Are They Set?
More Sports Quizzes
Africa Cup of Nations Top 4 Crossword
Quiz Lab
Trending Quizzes
Risky Map Clicking: Least Populous States A-Z
1-10 Letter G Words
1-10 Letter F Words
Risky Map Clicking: Next State Alphabetically
Risky Map Clicking: Biggest States A-Z
Recently Updated
Leaping Animals
pecheneg
Reality TV Shows (A-Z)
bhenderson79
Rickey Henderson's Hall of Fame Teammates
pecheneg
Champions League XIs: Arsenal
pecheneg
Quick Pick: Celebrities in WWE's Hall of Fame
aduchscher
A-Z Keypad Blitz II
pecheneg
Multiple Oscar Actors
pecheneg
Mystery Phrase Blitz: Oscar 'Best Actors'
pecheneg
F. Scott Fitzgerald Novels
LTH
Pick 3 Villains
ddd62291
Trending Topics
Crossword
Anime
NBA
Marvel
Disney
Kpop
Harry Potter
The Office
WWE
Soccer
Puzzle
Song
Pokémon
NFL
Country
Your Account Isn't Verified!
In order to create a playlist on Sporcle, you need to verify the email address you used during registration. Go to your
Sporcle Settings
to finish the process.
Report this User
Report this user for behavior that violates our
Community Guidelines
.
Details:
Send Report
Go to the Sporcle.com Mobile Site →
Comments